<?xml version="1.0" encoding="UTF-8"?>
<record
    xmlns:xsi="http://www.w3.org/2001/XMLSchema-instance"
    xsi:schemaLocation="http://www.loc.gov/MARC21/slim http://www.loc.gov/standards/marcxml/schema/MARC21slim.xsd"
    xmlns="http://www.loc.gov/MARC21/slim">

  <leader>00473nam a2200097Ia 4500</leader>
  <controlfield tag="008">180130s9999    xx            000 0 und d</controlfield>
  <datafield tag="245" ind1=" " ind2=" ">
    <subfield code="c">Ivanov, George R.; Georgiev, Georgi; Lalchev, Zdravko</subfield>
    <subfield code="a">Fluorescently labeled phospholipids - new class of materials for chemical sensors for environmental monitoring</subfield>
  </datafield>
  <datafield tag="260" ind1=" " ind2=" ">
    <subfield code="c">2015</subfield>
  </datafield>
  <datafield tag="300" ind1=" " ind2=" ">
    <subfield code="a">Book title: Significant concept in global environmental change--Acession number C19421; pages 65-88</subfield>
  </datafield>
  <datafield tag="650" ind1=" " ind2=" ">
    <subfield code="a">GLOBAL ENVIRONMENTAL CHANGE</subfield>
  </datafield>
  <datafield tag="999" ind1=" " ind2=" ">
    <subfield code="c">354541</subfield>
    <subfield code="d">354541</subfield>
  </datafield>
  <datafield tag="952" ind1=" " ind2=" ">
    <subfield code="0">0</subfield>
    <subfield code="1">0</subfield>
    <subfield code="4">0</subfield>
    <subfield code="a">CL</subfield>
    <subfield code="b">CL</subfield>
    <subfield code="d">2018-01-30</subfield>
    <subfield code="l">0</subfield>
    <subfield code="r">2018-01-30 00:00:00</subfield>
    <subfield code="w">2018-01-30</subfield>
    <subfield code="y">BC</subfield>
  </datafield>
</record>
